[Event "XXXI Torre Memorial 2019"]
[Site "Merida"]
[Date "2019.12.15"]
[Round "3.13"]
[White "Berdayes Ason, Dylan Isidro"]
[Black "Noboa Silva, Kevin"]
[Result "1-0"]
[WhiteElo "2448"]
[BlackElo "2306"]
[Annotator "NA"]
[PlyCount "109"]
[EventDate "2019.12.13"]
[EventType "swiss"]
[EventCountry "MEX"]
[SourceTitle "playchess.com"]
[Source "ChessBase"]
[SourceQuality "1"]
[TimeControl "5400+30"]

1. e4 {[%emt 0:00:00]} e6 {[%emt 0:00:00]} 2. d4 {[%emt 0:00:00]} d5 {[%emt 0:00:00]} 3. Nd2 {[%emt 0:00:00]} c5 {[%emt 0:00:09]} 4. exd5 {[%emt 0:00:00]} exd5 {[%emt 0:00:14]} 5. Ngf3 {[%emt 0:00:07]} Nc6 {[%emt 0:00:41]} 6. Bb5 {[%emt 0:11:06]} Qe7+ {[%emt 0:02:57]} 7. Be2 {[%emt 0:03:57]} Qc7 {[%emt 0:00:59]} 8. O-O {[%emt 0:00:51]} Nf6 {[%emt 0:01:26]} 9. Re1 {[%emt 0:02:16]} cxd4 {[%emt 0:01:50]} 10. Bb5+ {[%emt 0:03:48]} Be7 {[%emt 0:01:28]} 11. Nxd4 {[%emt 0:02:07]} O-O {[%emt 0:01:37]} 12. N2f3 {[%emt 0:03:31]} Bg4 {[%emt 0:08:56]} 13. Be2 {[%emt 0:03:41]} Rae8 {[%emt 0:09:41]} 14. Be3 {[%emt 0:13:46]} Bc5 {[%emt 0:17:34]} 15. c3 {[%emt 0:00:52]} Bxf3 {[%emt 0:11:54]} 16. Bxf3 {[%emt 0:00:27]} Nxd4 {[%emt 0:00:34]} 17. cxd4 {[%emt 0:00:44]} Bd6 {[%emt 0:02:00]} 18. g3 {[%emt 0:00:06]} Qb6 {[%emt 0:00:43]} 19. Qb3 {[%emt 0:02:15]} Qxb3 {[%emt 0:02:23]} 20. axb3 {[%emt 0:00:03]} a6 {[%emt 0:00:48]} 21. Kf1 {[%emt 0:02:13]} h6 {[%emt 0:02:34]} 22. Ke2 {[%emt 0:00:37]} Rc8 {[%emt 0:00:51]} 23. Rec1 {[%emt 0:01:32]} Rfe8 {[%emt 0:04:13]} 24. Kd3 {[%emt 0:00:18]} Rcd8 {[%emt 0:03:51]} 25. Rc2 {[%emt 0:01:51]} Ne4 {[%emt 0:01:49]} 26. Bg4 {[%emt 0:05:19]} Rf8 {[%emt 0:09:10]} 27. Bf5 {[%emt 0:00:39]} Rfe8 {[%emt 0:03:03]} 28. Rac1 {[%emt 0:04:12]} Bb8 {[%emt 0:00:40]} 29. Rc8 {[%emt 0:04:49]} Nd6 {[%emt 0:03:06]} 30. Rxd8 {[%emt 0:00:07]} Rxd8 {[%emt 0:00:01]} 31. Bh3 {[%emt 0:00:12]} Ba7 {[%emt 0:01:23]} 32. Bf4 {[%emt 0:02:36]} Ne4 {[%emt 0:06:18]} 33. Rc2 {[%emt 0:03:02]} g5 {[%emt 0:01:24]} 34. Be5 {[%emt 0:01:52]} Bb8 {[%emt 0:01:47]} 35. f3 {[%emt 0:02:21]} Nd6 {[%emt 0:00:22]} 36. Rc5 {[%emt 0:00:57]} f6 {[%emt 0:00:54]} 37. Bxf6 {[%emt 0:00:12]} Rf8 {[%emt 0:00:12]} 38. Be6+ {[%emt 0:01:02]} Kh7 {[%emt 0:00:07]} 39. Be5 {[%emt 0:01:00]} Rxf3+ {[%emt 0:00:30]} 40. Kc2 {[%emt 0:00:38]} Nb5 {[%emt 0:01:16]} 41. Bxd5 {[%emt 0:08:05]} Bxe5 {[%emt 0:00:22]} 42. Bxf3 {[%emt 0:01:29]} Nxd4+ {[%emt 0:00:01]} 43. Kd3 {[%emt 0:00:05]} Nxf3 {[%emt 0:00:07]} 44. Ke4 {[%emt 0:00:34]} Bxb2 {[%emt 0:01:27]} 45. Kxf3 {[%emt 0:00:06]} b5 {[%emt 0:00:34]} 46. Rc6 {[%emt 0:00:48]} a5 {[%emt 0:00:26]} 47. Rb6 {[%emt 0:00:19]} b4 {[%emt 0:00:12]} 48. Ra6 {[%emt 0:00:04]} h5 {[%emt 0:00:51]} 49. h3 {[%emt 0:00:41]} Bc3 {[%emt 0:00:22]} 50. Rxa5 {[%emt 0:00:07]} Kg6 {[%emt 0:00:05]} 51. g4 {[%emt 0:00:23]} hxg4+ {[%emt 0:00:17]} 52. hxg4 {[%emt 0:00:16]} Kf6 {[%emt 0:00:35]} 53. Ke4 {[%emt 0:00:08]} Bd2 {[%emt 0:00:37]} 54. Ra6+ {[%emt 0:00:04]} Kf7 {[%emt 0:00:27]} 55. Kf5 {[%emt 0:00:08]} 1-0

[Event "XXXI Torre Memorial 2019"]
[Site "Merida"]
[Date "2019.12.15"]
[Round "3.14"]
[White "Amaro Alfonso, Raynner"]
[Black "Fernandez Cardoso, Alexey"]
[Result "1/2-1/2"]
[WhiteElo "2296"]
[BlackElo "2441"]
[Annotator "NA"]
[PlyCount "86"]
[EventDate "2019.12.13"]
[EventType "swiss"]
[EventCountry "MEX"]
[SourceTitle "playchess.com"]
[Source "ChessBase"]
[SourceQuality "1"]
[TimeControl "5400+30"]

1. d4 {[%emt 0:00:00]} d5 {[%emt 0:00:00]} 2. Bf4 {[%emt 0:00:00]} Nf6 {[%emt 0:00:00]} 3. e3 {[%emt 0:00:03]} c6 {[%emt 0:01:34]} 4. c3 {[%emt 0:01:09]} Bf5 {[%emt 0:02:52]} 5. h3 {[%emt 0:00:47]} Nbd7 {[%emt 0:01:53]} 6. Nf3 {[%emt 0:00:08]} e6 {[%emt 0:00:32]} 7. Nbd2 {[%emt 0:00:45]} Be7 {[%emt 0:00:42]} 8. Be2 {[%emt 0:02:29]} O-O {[%emt 0:01:06]} 9. O-O {[%emt 0:00:45]} Ne4 {[%emt 0:01:18]} 10. Nxe4 {[%emt 0:01:03]} Bxe4 {[%emt 0:00:09]} 11. Nd2 {[%emt 0:00:34]} Bg6 {[%emt 0:00:15]} 12. c4 {[%emt 0:01:42]} Re8 {[%emt 0:02:53]} 13. Qb3 {[%emt 0:04:12]} Qb6 {[%emt 0:05:31]} 14. Qc3 {[%emt 0:16:17]} Bb4 {[%emt 0:04:33]} 15. Qc1 {[%emt 0:00:18]} e5 {[%emt 0:01:06]} 16. dxe5 {[%emt 0:01:14]} Nxe5 {[%emt 0:00:37]} 17. Bxe5 {[%emt 0:04:03]} Rxe5 {[%emt 0:00:10]} 18. Nf3 {[%emt 0:00:37]} Ree8 {[%emt 0:00:58]} 19. a3 {[%emt 0:02:21]} Bd6 {[%emt 0:05:48]} 20. cxd5 {[%emt 0:00:14]} cxd5 {[%emt 0:00:08]} 21. Qd2 {[%emt 0:01:33]} Rad8 {[%emt 0:00:10]} 22. Rfd1 {[%emt 0:06:56]} h6 {[%emt 0:08:21]} 23. Rac1 {[%emt 0:01:52]} Bb8 {[%emt 0:05:20]} 24. Qd4 {[%emt 0:00:39]} Qd6 {[%emt 0:03:04]} 25. Qb4 {[%emt 0:02:57]} Qf6 {[%emt 0:07:04]} 26. Qxb7 {[%emt 0:20:14]} Be4 {[%emt 0:00:48]} 27. Qb4 {[%emt 0:02:53]} Re6 {[%emt 0:01:15]} 28. Qd4 {[%emt 0:01:53]} Qe7 {[%emt 0:05:35]} 29. Kf1 {[%emt 0:03:01]} Rg6 {[%emt 0:02:32]} 30. b4 {[%emt 0:04:05]} f5 {[%emt 0:02:16]} 31. b5 {[%emt 0:03:53]} f4 {[%emt 0:02:28]} 32. Rc6 {[%emt 0:01:01]} Rxc6 {[%emt 0:00:20]} 33. bxc6 {[%emt 0:00:11]} fxe3 {[%emt 0:00:22]} 34. Qxe3 {[%emt 0:00:23]} Qf6 {[%emt 0:03:47]} 35. Qc5 {[%emt 0:06:37]} Rc8 {[%emt 0:04:25]} 36. Nd2 {[%emt 0:01:03]} Rxc6 {[%emt 0:04:56]} 37. Nxe4 {[%emt 0:00:23]} Rxc5 {[%emt 0:02:55]} 38. Nxf6+ {[%emt 0:00:24]} gxf6 {[%emt 0:00:01]} 39. Bf3 {[%emt 0:02:26]} Kf8 {[%emt 0:02:59]} 40. Bxd5 {[%emt 0:01:28]} Ke7 {[%emt 0:00:39]} 41. Rd3 {[%emt 0:03:55]} Rc1+ {[%emt 0:00:09]} 42. Ke2 {[%emt 0:00:07]} Rc2+ {[%emt 0:00:04]} 43. Kf3 Bd6 1/2-1/2

[Event "XXXI Torre Memorial 2019"]
[Site "Merida"]
[Date "2019.12.15"]
[Round "3.15"]
[White "Alvarez Pedraza, Aramis"]
[Black "Limon Olmos, Ivan Alonso"]
[Result "1-0"]
[WhiteElo "2429"]
[BlackElo "2151"]
[Annotator "NA"]
[PlyCount "105"]
[EventDate "2019.12.13"]
[EventType "swiss"]
[EventCountry "MEX"]
[SourceTitle "playchess.com"]
[Source "ChessBase"]
[SourceQuality "1"]
[TimeControl "5400+30"]

1. d4 {[%emt 0:00:00]} d5 {[%emt 0:03:39]} 2. Nf3 {[%emt 0:00:00]} Nf6 {[%emt 0:00:23]} 3. c4 {[%emt 0:00:00]} e6 {[%emt 0:00:22]} 4. cxd5 {[%emt 0:00:46]} exd5 {[%emt 0:00:22]} 5. Nc3 {[%emt 0:00:02]} c6 {[%emt 0:00:37]} 6. Bf4 {[%emt 0:02:01]} Bd6 {[%emt 0:05:22]} 7. Bg3 {[%emt 0:00:30]} O-O {[%emt 0:00:52]} 8. e3 {[%emt 0:00:11]} Qe7 {[%emt 0:05:40]} 9. Bd3 {[%emt 0:02:17]} Bg4 {[%emt 0:03:18]} 10. Qb3 {[%emt 0:06:21]} Bxf3 {[%emt 0:02:02]} 11. gxf3 {[%emt 0:00:12]} b6 {[%emt 0:00:14]} 12. O-O-O {[%emt 0:05:48]} Nh5 {[%emt 0:23:58]} 13. e4 {[%emt 0:11:40]} Bf4+ {[%emt 0:00:19]} 14. Kb1 {[%emt 0:00:08]} dxe4 {[%emt 0:03:03]} 15. Bxe4 {[%emt 0:03:41]} Bxg3 {[%emt 0:03:49]} 16. hxg3 {[%emt 0:09:09]} Nf6 {[%emt 0:00:15]} 17. d5 {[%emt 0:00:04]} Nxe4 {[%emt 0:01:20]} 18. Nxe4 {[%emt 0:01:24]} c5 {[%emt 0:08:43]} 19. d6 {[%emt 0:13:04]} Qe6 {[%emt 0:14:46]} 20. Qxe6 {[%emt 0:03:26]} fxe6 {[%emt 0:00:02]} 21. Ng5 {[%emt 0:00:59]} Rf5 {[%emt 0:02:55]} 22. f4 {[%emt 0:04:10]} e5 {[%emt 0:04:15]} 23. Rxh7 {[%emt 0:15:35]} Rxg5 {[%emt 0:02:57]} 24. Rdh1 {[%emt 0:00:04]} exf4 {[%emt 0:00:44]} 25. Rh8+ {[%emt 0:00:52]} Kf7 {[%emt 0:00:02]} 26. d7 {[%emt 0:00:12]} Nxd7 {[%emt 0:00:18]} 27. Rxa8 {[%emt 0:00:05]} fxg3 {[%emt 0:00:48]} 28. fxg3 {[%emt 0:00:43]} Rxg3 {[%emt 0:01:09]} 29. Rxa7 {[%emt 0:00:04]} Rd3 {[%emt 0:00:49]} 30. Kc2 {[%emt 0:01:24]} Rd4 {[%emt 0:00:55]} 31. Rd1 {[%emt 0:01:05]} Rxd1 {[%emt 0:03:42]} 32. Kxd1 {[%emt 0:00:10]} Ke6 {[%emt 0:00:04]} 33. Ke2 {[%emt 0:00:10]} g5 {[%emt 0:00:29]} 34. Rb7 {[%emt 0:01:19]} Kd6 {[%emt 0:00:20]} 35. Ke3 {[%emt 0:00:04]} Kc6 {[%emt 0:00:23]} 36. Ra7 {[%emt 0:00:04]} Ne5 {[%emt 0:00:35]} 37. Ke4 {[%emt 0:03:37]} Nc4 {[%emt 0:00:30]} 38. b3 {[%emt 0:00:12]} Nd6+ {[%emt 0:01:28]} 39. Kd3 {[%emt 0:00:04]} Kd5 {[%emt 0:02:57]} 40. Rg7 {[%emt 0:02:38]} Ne4 {[%emt 0:00:15]} 41. a4 {[%emt 0:01:04]} Nf2+ {[%emt 0:01:17]} 42. Ke2 {[%emt 0:02:36]} Ne4 {[%emt 0:02:05]} 43. Ke3 {[%emt 0:00:02]} Nd6 {[%emt 0:01:41]} 44. Rxg5+ {[%emt 0:00:05]} Kc6 {[%emt 0:00:03]} 45. Rg6 {[%emt 0:01:13]} Kd5 {[%emt 0:00:22]} 46. Kd3 {[%emt 0:02:25]} b5 {[%emt 0:01:43]} 47. a5 {[%emt 0:00:40]} c4+ {[%emt 0:00:13]} 48. Kc3 {[%emt 0:00:49]} Kc5 {[%emt 0:00:40]} 49. b4+ {[%emt 0:01:41]} Kd5 {[%emt 0:01:01]} 50. a6 {[%emt 0:00:09]} Nc8 {[%emt 0:00:27]} 51. Rg8 {[%emt 0:00:24]} Nb6 {[%emt 0:00:46]} 52. a7 {[%emt 0:00:12]} Na4+ {[%emt 0:00:01]} 53. Kc2 {[%emt 0:00:06]} 1-0

[Event "XXXI Torre Memorial 2019"]
[Site "Merida"]
[Date "2019.12.15"]
[Round "3.16"]
[White "Fernandez Bustamante, Leancy B."]
[Black "Vitier Vazquez, Cristian"]
[Result "0-1"]
[WhiteElo "2069"]
[BlackElo "2405"]
[Annotator "TA"]
[PlyCount "108"]
[EventDate "2019.12.13"]
[EventType "swiss"]
[EventCountry "MEX"]
[SourceTitle "playchess.com"]
[Source "ChessBase"]
[SourceQuality "1"]

{[%evp 16,108,-2,-9,-16,-20,16,16,22,17,16,25,14,11,13,8,16,-12,-4,-8,1,-16,-14,-19,-10,-29,-25,-16,0,0,0,-12,-5,-8,-17,-17,-6,-22,-11,-25,0,-8,-20,-24,-15,-23,11,0,0,0,38,58,118,72,137,143,183,169,343,173,183,189,154,154,275,197,191,199,204,196,402,408,381,331,341,317,354,309,352,329,310,352,489,482,447,432,566,528,509,214,1310,1253,1146,-29998,-29999]} 1. e4 e5 2. Nf3 Nc6 3. Nc3 Nf6 4. Bb5 Bc5 5. Nxe5 Nxe5 6. d4 Bd6 7. dxe5 Bxe5 8. O-O O-O 9. Bd3 Re8 {C48: Four Knights: 4 Bb5, replies other than 4...Bb4} (9... d6 10. Ne2 Nd7 11. f4 Bf6 12. c3 Re8 13. Ng3 Nc5 14. Bc2 Bh4 15. Qf3 Bxg3 16. hxg3 Qe7 17. Re1 Nd7 {½-½ (82) Muzychuk,A (2582)-Kosteniuk,A (2557) Huaian 2017}) 10. Bg5 h6 11. Bh4 g5 {The position is equal.} 12. Bg3 d6 $146 ({Predecessor:} 12... Bxc3 13. bxc3 Nxe4 14. Qh5 Kg7 15. Bxe4 Rxe4 16. f4 Qe7 17. fxg5 hxg5 18. Rae1 Re6 19. Rxe6 Qxe6 20. Be5+ Kf8 21. Bf6 {1-0 (21) Ibrayev,N (2285)-Pereyra Arcija,D (2290) Guarapuava 1995}) 13. Bxe5 dxe5 14. Nd5 Nxd5 15. exd5 e4 16. Bc4 Qf6 17. c3 Bf5 18. Qe2 Bg6 19. Rad1 Qd6 20. Bb3 f5 21. c4 Kh7 22. Qe3 f4 23. Qd4 b6 24. Ba4 Re7 25. Rfe1 Rd8 26. Bc2 {[%cal Rc2e4]} c5 27. Qc3 Re5 28. Ba4 Rf8 29. a3 g4 30. b4 Rh5 {Threatening ...e3!} 31. bxc5 bxc5 32. Rb1 Qe7 (32... e3 $5 33. Bc2 (33. fxe3 $2 f3 $19) (33. Rb7+ Rf7 $11) 33... Rf7 $11) 33. Bc2 {[#] Threatens to win with Bxe4!} Rf7 (33... e3 $14) 34. Rb8 {[%csl Gb8][%cal Rc3h8]} Rg7 (34... Qe5 $142 35. Qxe5 Rxe5) 35. g3 $16 Qd6 36. Reb1 $40 {[%mdl 128] Black is in trouble.} Re5 $2 (36... e3 {is a better defense.}) 37. Rd8 (37. gxf4 $142 Ree7 38. Rf8) 37... Qxd8 $18 38. Qxe5 {[%mdl 64] [#] Double Attack} fxg3 39. hxg3 Re7 (39... Qe7 $16 40. Qf4 h5) 40. Qf4 {Strongly threatening Rb8.} Rf7 41. Qxg4 Qf6 42. Qe2 (42. Bxe4 Qxf2+ 43. Kh1 Bxe4+ 44. Qxe4+ Kg7 $16) 42... Qd4 $2 (42... Kg7 {was worth a try.} 43. Rb3 h5) 43. Rd1 Qe5 44. Re1 Re7 45. Qe3 h5 46. Kg2 ({Don't play} 46. Qxc5 Rc7 $18) 46... Kg7 47. Qxc5 Rc7 48. Qb4 h4 49. gxh4 Rf7 50. Re3 Rf3 {Black hopes to continue with ...Qf6.} 51. d6 Qf6 52. Qd2 (52. Qc3 $142) 52... Qf4 $2 (52... Qxh4 53. Qe2 (53. d7 Qh3+ 54. Kg1 Qg4+ 55. Kh2 Qh3+ 56. Kg1 Qg4+ 57. Kh2 Qh3+ 58. Kg1 $11) 53... Bf5 54. Rxf3 exf3+ 55. Qxf3 Bxc2 56. Qc3+ {[%mdl 64] Double Attack} Kg8) 53. Qc3+ Kf7 54. c5 $4 {[%mdl 8192]} (54. Rxf3 $18 exf3+ 55. Qxf3 Qxf3+ 56. Kxf3 Bxc2 57. Kf4) 54... Rxf2+ 0-1

[Event "XXXI Torre Memorial 2019"]
[Site "Merida"]
[Date "2019.12.15"]
[Round "3.17"]
[White "Quesada Perez, Yasser"]
[Black "Luna Javier, Edgar Froylan"]
[Result "1-0"]
[WhiteElo "2582"]
[BlackElo "2112"]
[Annotator "ChessBase"]
[PlyCount "67"]
[EventDate "2019.12.13"]
[EventType "swiss"]
[EventCountry "MEX"]
[SourceTitle "playchess.com"]
[Source "ChessBase"]
[SourceQuality "1"]
[TimeControl "5400+30"]

1. c4 {[%emt 0:00:00]} e5 {[%emt 0:03:12]} 2. Nc3 {[%emt 0:00:00]} Nf6 {[%emt 0:00:22]} 3. Nf3 {[%emt 0:00:00]} Nc6 {[%emt 0:00:36]} 4. e3 {[%emt 0:00:00]} d5 {[%emt 0:02:21]} 5. cxd5 {[%emt 0:00:00]} Nxd5 {[%emt 0:00:06]} 6. Bb5 {[%emt 0:00:00]} Nxc3 {[%emt 0:01:28]} 7. bxc3 {[%emt 0:00:01]} Bd6 {[%emt 0:03:49]} 8. d4 {[%emt 0:00:16]} Bd7 {[%emt 0:06:06]} 9. O-O {[%emt 0:03:41]} e4 {[%emt 0:04:17]} 10. Nd2 {[%emt 0:00:48]} Qg5 {[%emt 0:05:23]} 11. Qe2 {[%emt 0:00:59]} O-O {[%emt 0:04:01]} 12. Nxe4 {[%emt 0:04:19]} Bxh2+ {[%emt 0:02:31]} 13. Kxh2 {[%emt 0:00:02]} Qh4+ {[%emt 0:00:01]} 14. Kg1 {[%emt 0:00:06]} Qxe4 {[%emt 0:00:15]} 15. Bd3 {[%emt 0:02:18]} Qh4 {[%emt 0:02:33]} 16. f3 {[%emt 0:23:07]} f5 {[%emt 0:03:44]} 17. Qf2 {[%emt 0:03:24]} Qh5 {[%emt 0:01:47]} 18. Qg3 {[%emt 0:01:00]} Rac8 {[%emt 0:07:13]} 19. Bd2 {[%emt 0:03:14]} Ne7 {[%emt 0:06:00]} 20. Rab1 {[%emt 0:07:22]} Bc6 {[%emt 0:15:47]} 21. e4 {[%emt 0:07:00]} b6 {[%emt 0:13:08]} 22. d5 {[%emt 0:03:03]} Bb7 {[%emt 0:01:00]} 23. c4 {[%emt 0:00:22]} Rf6 {[%emt 0:02:11]} 24. e5 {[%emt 0:02:30]} Rff8 {[%emt 0:04:19]} 25. e6 {[%emt 0:03:11]} Ng6 {[%emt 0:01:55]} 26. f4 {[%emt 0:08:25]} Rcd8 {[%emt 0:01:34]} 27. Rfe1 {[%emt 0:09:08]} Rfe8 {[%emt 0:01:24]} 28. Bb4 {[%emt 0:01:42]} b5 {[%emt 0:02:05]} 29. Ba3 {[%emt 0:02:22]} a6 {[%emt 0:00:54]} 30. Bc2 {[%emt 0:01:23]} Ba8 {[%emt 0:00:34]} 31. Rbd1 {[%emt 0:01:25]} Ne7 {[%emt 0:01:12]} 32. d6 {[%emt 0:03:19]} cxd6 {[%emt 0:00:32]} 33. Bxd6 {[%emt 0:00:01]} Bc6 {[%emt 0:01:42]} 34. Bxe7 {[%emt 0:00:30]} 1-0

[Event "XXXI Torre Memorial 2019"]
[Site "Merida"]
[Date "2019.12.15"]
[Round "3.18"]
[White "Obregon Rivero, Juan Carlos"]
[Black "Miranda Llanes, Yerisbel"]
[Result "1-0"]
[WhiteElo "2513"]
[BlackElo "2280"]
[Annotator "ChessBase"]
[PlyCount "81"]
[EventDate "2019.12.13"]
[EventType "swiss"]
[EventCountry "MEX"]
[SourceTitle "playchess.com"]
[Source "ChessBase"]
[SourceQuality "1"]
[TimeControl "5400+30"]

1. c4 {[%emt 0:00:00]} c6 {[%emt 0:00:42]} 2. e4 {[%emt 0:00:06]} d5 {[%emt 0:00:18]} 3. exd5 {[%emt 0:00:07]} cxd5 {[%emt 0:00:13]} 4. cxd5 {[%emt 0:00:04]} Qxd5 {[%emt 0:00:23]} 5. Nc3 {[%emt 0:00:15]} Qd8 {[%emt 0:01:29]} 6. d4 {[%emt 0:00:09]} e6 {[%emt 0:00:44]} 7. Nf3 {[%emt 0:00:12]} Nf6 {[%emt 0:00:50]} 8. Bd3 {[%emt 0:01:23]} Be7 {[%emt 0:01:08]} 9. O-O {[%emt 0:00:08]} O-O {[%emt 0:00:34]} 10. Re1 {[%emt 0:00:10]} b6 {[%emt 0:02:11]} 11. a3 {[%emt 0:01:22]} Bb7 {[%emt 0:00:39]} 12. Bc2 {[%emt 0:00:01]} Nd5 {[%emt 0:11:27]} 13. Qd3 {[%emt 0:04:07]} g6 {[%emt 0:00:19]} 14. h4 {[%emt 0:00:45]} Nxc3 {[%emt 0:04:15]} 15. bxc3 {[%emt 0:00:07]} Bxh4 {[%emt 0:00:28]} 16. Bh6 {[%emt 0:01:14]} Re8 {[%emt 0:03:16]} 17. Ba4 {[%emt 0:00:36]} Bxf3 {[%emt 0:06:02]} 18. Qxf3 {[%emt 0:07:21]} Nd7 {[%emt 0:01:22]} 19. g3 {[%emt 0:07:15]} Be7 {[%emt 0:04:32]} 20. Qb7 {[%emt 0:00:17]} Nf6 {[%emt 0:02:06]} 21. Bxe8 {[%emt 0:00:17]} Nxe8 {[%emt 0:03:23]} 22. Qf3 {[%emt 0:02:32]} Nd6 {[%emt 0:02:41]} 23. d5 {[%emt 0:00:58]} exd5 {[%emt 0:03:36]} 24. Rad1 {[%emt 0:07:12]} Bf8 {[%emt 0:03:28]} 25. Bxf8 {[%emt 0:01:13]} Qxf8 {[%emt 0:00:11]} 26. Rxd5 {[%emt 0:00:15]} Rc8 {[%emt 0:04:43]} 27. Qf6 {[%emt 0:00:49]} Ne8 {[%emt 0:04:15]} 28. Qd4 {[%emt 0:00:03]} Nc7 {[%emt 0:04:20]} 29. Rd7 {[%emt 0:00:22]} Ne6 {[%emt 0:05:48]} 30. Qf6 {[%emt 0:04:20]} Rc7 {[%emt 0:02:26]} 31. Red1 {[%emt 0:01:30]} Rxd7 {[%emt 0:01:10]} 32. Rxd7 {[%emt 0:00:03]} a6 {[%emt 0:03:21]} 33. c4 {[%emt 0:01:35]} Qe8 {[%emt 0:03:45]} 34. Rd6 {[%emt 0:01:34]} Qa4 {[%emt 0:03:32]} 35. Rxb6 {[%emt 0:01:19]} Qxa3 {[%emt 0:00:54]} 36. Rb7 {[%emt 0:01:48]} Qf8 {[%emt 0:02:06]} 37. Qe5 {[%emt 0:00:18]} Qa3 {[%emt 0:01:11]} 38. c5 {[%emt 0:01:44]} Qc1+ {[%emt 0:07:06]} 39. Kg2 {[%emt 0:00:15]} Qc4 {[%emt 0:00:44]} 40. Rb8+ {[%emt 0:00:21]} Nf8 {[%emt 0:00:08]} 41. Qd6 {[%emt 0:00:12]} 1-0

[Event "XXXI Torre Memorial 2019"]
[Site "Merida"]
[Date "2019.12.15"]
[Round "4.1"]
[White "Martinez Ramirez, Lennis"]
[Black "Santiago, Yago De Moura"]
[Result "0-1"]
[WhiteElo "2454"]
[BlackElo "2479"]
[Annotator "TA"]
[PlyCount "88"]
[EventDate "2019.12.13"]
[EventType "swiss"]
[EventCountry "MEX"]
[SourceTitle "playchess.com"]
[Source "ChessBase"]
[SourceQuality "1"]

{[%evp 14,88,0,0,0,0,4,0,23,25,44,0,2,0,0,-25,-37,-32,-31,-31,-4,-25,-45,-70,-19,-5,-12,-20,-20,-41,-65,-122,-129,-124,-125,-120,-132,-124,-120,-154,-158,-391,-395,-451,-446,-398,-418,-399,-289,-721,-734,-718,-689,-577,-498,-881,-918,-986,-559,-558,-527,-1943,-1755,-29963,-29966,-8194,-5235,-29987,-29988,-29988,-29989,-29989,-29990,-29990,-29990,-29997,33]} 1. e4 e6 2. d4 d5 3. Nc3 Nf6 4. Bg5 Bb4 5. e5 h6 6. exf6 hxg5 7. fxg7 Rg8 8. a3 Bxc3+ {C12: French: Classical System: McCutcheon Variation} 9. bxc3 Qf6 10. Qf3 (10. Qd3 Nd7 11. Rd1 Rxg7 12. Qg3 c6 13. c4 Nb6 14. Nf3 dxc4 15. Ne5 Qf4 16. Nxc4 Nxc4 17. Bxc4 Bd7 18. Be2 Qxg3 19. hxg3 Ke7 20. f3 {½-½ (20) Glazman,M (2553)-Galanov,S (2539) ICCF email 2013}) 10... Qxg7 {The position is equal.} 11. Qg3 c5 $146 ({Predecessor:} 11... f6 12. Nf3 Nc6 13. Bb5 Bd7 14. Qxc7 Nd8 15. Qa5 Rc8 16. O-O {½-½ (59) Meiners,E (2347)-Andersen,J (2196) ICCF email 2012}) 12. Qc7 Nc6 13. Bb5 Bd7 14. Qxb7 Rb8 15. Qa6 Rb6 16. Qa4 cxd4 {White must now prevent ...d3!} 17. Ne2 dxc3 18. O-O a6 (18... Qe5 $15 19. Bxc6 Rxc6) 19. Bxc6 $1 $11 Rxc6 20. Rfe1 Rh8 $36 {[%mdl 2048] White is under pressure.} 21. Rab1 {And now Rb8+ would win.} Qe5 22. Ng3 {[#]} (22. g3 $15) 22... Rb6 $1 $17 {[%mdl 512]} 23. Qa5 (23. Rxb6 Qxe1+) 23... Rxb1 24. Rxb1 {[#]} Rh4 $1 25. Qxa6 Ra4 26. Qb6 {[#]} d4 $1 27. Kf1 $2 (27. Rf1 $17) 27... Rxa3 $19 28. Nf5 Qxf5 29. Qb8+ Ke7 30. Qb4+ Kf6 31. Qxa3 $2 (31. Qxd4+ Kg6 32. Qxd7) 31... Qxc2 {[%mdl 4096] Endgame KQR-KQB} 32. Rc1 Bb5+ 33. Kg1 Qd2 34. h3 (34. Qa1 $142 c2 35. h3) 34... Bd3 35. Ra1 Bg6 36. Qa5 Kg7 37. g3 {aiming for Qe5+.} Qe2 38. Qxg5 d3 39. Qc5 c2 {( -> ...d2)} 40. Ra8 Kh7 {Black mates.} 41. Qd4 c1=Q+ 42. Kh2 e5 43. Qh4+ Qh5 44. Qd8 {[#]} Qxh3+ $1 {[%mdl 33280] Accuracy: White = 32%, Black = 78%. . Loss on time!?} 0-1

[Event "XXXI Torre Memorial 2019"]
[Site "Merida"]
[Date "2019.12.15"]
[Round "4.2"]
[White "Ibarra Chami, Luis Fernando"]
[Black "Kevlishvili, Robby"]
[Result "1-0"]
[WhiteElo "2423"]
[BlackElo "2457"]
[Annotator "TA"]
[PlyCount "101"]
[EventDate "2019.12.13"]
[EventType "swiss"]
[EventCountry "MEX"]
[SourceTitle "playchess.com"]
[Source "ChessBase"]
[SourceQuality "1"]

{[%evp 12,101,24,-17,6,-13,4,-11,-10,-39,-46,-27,-2,-7,-5,-48,-7,-13,-12,-6,-8,-22,-8,-14,0,-32,-31,-31,-30,-33,-30,-31,-23,-29,-22,-50,-25,-46,-20,-21,-24,-21,-6,0,7,0,7,0,0,0,14,0,0,0,3,-16,-16,-20,-19,-38,-42,-53,-52,-39,-35,-29,-7,-8,0,0,0,0,0,-13,0,0,27,0,110,77,220,225,363,376,372,306,468,437,418,377,779,781]} 1. c4 c6 2. e4 d5 3. exd5 cxd5 4. cxd5 Nf6 5. Bb5+ Nbd7 6. Nc3 g6 7. Nge2 Bg7 {B10: Caro-Kann: 2 d3 and 2 c4} (7... a6 $5 {[%cal Ra6b5]} 8. Ba4 (8. Qa4 Bg7 $11) 8... Bg7 $11) 8. O-O O-O 9. Nf4 Nb6 {The position is equal.} 10. Qb3 g5 11. Nfe2 Nfxd5 $146 ({Predecessor:} 11... a6 12. Bd3 Nbxd5 13. Nxd5 Nxd5 14. Bc4 Be6 15. Nc3 {½-½ (28) Macieja,B (2653)-Asrian,K (2599) Stepanakert 2004}) 12. d4 h6 13. a3 Nxc3 14. bxc3 Qd5 15. Qxd5 Nxd5 16. Bd3 Bg4 17. Bd2 Rac8 18. Rfc1 Nb6 19. Ng3 Nc4 20. Be1 Rfd8 21. Nf5 Bxf5 22. Bxf5 e6 23. Be4 Rc7 24. g3 Rdc8 25. Rd1 b6 26. a4 Bf8 27. Ra2 Be7 28. Bd3 Kg7 29. Re2 Rd8 30. f4 Bf6 31. Be4 Nd6 32. Bd3 Nc8 33. f5 exf5 34. Bxf5 Ne7 $1 {[%cal Re7f5]} 35. Rf2 Nd5 36. Rd3 Rc4 37. Be4 Rxa4 38. Bd2 Be7 39. Rdf3 $36 {[%mdl 2048] White is pushing.} f6 40. h4 Ra1+ 41. Kg2 Ra2 42. Kh3 Nc7 43. Kg4 Ne6 {aiming for ...Nxd4!} 44. Kh5 Rb2 (44... Nc7 $11 {keeps the balance.}) 45. Bf5 $16 Nc7 (45... Kf7 $16) 46. Bxg5 $1 $18 {[%mdl 64] [#] Discovered Attack} Rxf2 (46... fxg5 $142 47. Rxb2 Rd6) 47. Bxh6+ Kf7 48. Rxf2 Rh8 (48... Rd5 {keeps fighting.} 49. Kg4 a5) 49. g4 Bf8 {[%csl Gf8][%cal Rh8h6]} 50. g5 Nd5 $2 {[#]} (50... fxg5 51. hxg5 Ke7) 51. Bh7 $1 {[%mdl 512] Accuracy: White = 57%, Black = 40%.} 1-0

[Event "XXXI Torre Memorial 2019"]
[Site "Merida"]
[Date "2019.12.15"]
[Round "4.3"]
[White "Ramirez, Alejandro"]
[Black "Fernandez De La Vara, Arnaldo"]
[Result "0-1"]
[WhiteElo "2589"]
[BlackElo "2463"]
[Annotator "RC"]
[PlyCount "29"]
[EventDate "2019.12.13"]
[EventType "swiss"]
[EventCountry "MEX"]
[SourceTitle "playchess.com"]
[Source "ChessBase"]
[SourceQuality "1"]
[TimeControl "5400+30"]

1. d4 Nf6 2. c4 e6 3. Nf3 b6 4. Bf4 Bb7 5. e3 Bb4+ 6. Nbd2 O-O 7. Be2 d6 8. O-O Bxd2 9. Nxd2 Nbd7 10. h3 e5 11. Bh2 a5 12. c5 dxc5 13. Rc1 Qe7 14. Bf3 e4 15. Bg4 0-1